| 000 | 00377nam a22001697a 4500 | ||
|---|---|---|---|
| 003 | OSt | ||
| 005 | 20211222150937.0 | ||
| 008 | 211222b |||||||| |||| 00| 0 eng d | ||
| 020 | _a9780077595180 | ||
| 040 | _cHU | ||
| 082 | _a428,34 | ||
| 100 |
_aJUDITH TANKA _924353 |
||
| 245 | _aINTERACTIONS | ||
| 260 |
_aNEW YORK _bHALL _c2007 |
||
| 300 | _a244 | ||
| 942 |
_2ddc _cBOOKS _n0 |
||
| 999 |
_c23493 _d23493 |
||